Rozvoj místního hospodářství

Salvato in:
Dettagli Bibliografici
Natura: Periodico
Lingua:ceco
Pubblicazione: Praha Tisk ed. a prop. služba 1985
Tags: Aggiungi Tag
Nessun Tag, puoi essere il primo ad aggiungerne!!

MARC

LEADER 00000nas2a2200000 4500
001 s028843
005 20250730114138.6
041 0 |a cze 
044 |a CZ 
245 1 0 |a Rozvoj místního hospodářství 
264 1 |a Praha  |b Tisk ed. a prop. služba  |c 1985 
300 |a 1 zv. 
773 0 |w eu_un_cat*s120694